Ils ont joué pour... le LOSC Lille (Mort subite) - Statistiques

Statistiques générales
  • Ce quiz a été pris 859 fois
  • Le résultat moyen est 5 sur 8
Answers on the Grid
Answers color-coded by a green-red scale on the quiz's grid according to % correct below.
Antoine Sibierski
Tony Vairelles
Eden Hazard
Mohamed Bamba
Éli Junior Kroupi
Jean Baratte
Manuel Amoros
Mathieu Debuchy
Pascal Cygan
Florent Balmont
Jules Koundé
Jérémy Ménez
Rio Mavuba
Maxime Bossis
Marceau Somerlinck
Montassar Talbi
 
Statistiques - réponses
Réponse % Correct
Eden Hazard
96%
Rio Mavuba
79%
Mathieu Debuchy
73%
Florent Balmont
72%
Jean Baratte
48%
Pascal Cygan
32%
Antoine Sibierski
30%
Marceau Somerlinck
28%
Aucun quiz correspondant
Distribution des résultats
% des personnes avec chaque résultat
Percentile par nombre de réponses
Votre historique - résultats
Vous n’avez pas pris ce quiz